ბათუმის შოთა რუსთაველის სახელმწიფო უნივერსიტეტის ბიბლიოთეკა

ქართული ლიტერატურის ისტორია:მოკლედ მოთხრობილი უცხოელთათვის. (ბიბ.ჩანაწერი № 43912)

000 -LEADER
fixed length control field 00923nam a2200241Ia 4500
001 - CONTROL NUMBER
control field 10661
003 - CONTROL NUMBER IDENTIFIER
control field GE_BSU
008 - FIXED-LENGTH DATA ELEMENTS--GENERAL INFORMATION
fixed length control field 181216s||||||||xx |||||||||||||| ||und||
020 ## - INTERNATIONAL STANDARD BOOK NUMBER
International Standard Book Number 999282834x
040 ## - CATALOGING SOURCE
Transcribing agency GE_BSU
080 ## - UNIVERSAL DECIMAL CLASSIFICATION NUMBER
Universal Decimal Classification number 821.353.1.09
100 ## - MAIN ENTRY--PERSONAL NAME
Personal name თვარაძე,რევაზ
245 ## - TITLE STATEMENT
Title ქართული ლიტერატურის ისტორია:მოკლედ მოთხრობილი უცხოელთათვის.
245 ## - TITLE STATEMENT
Remainder of title ნაკვეთი პირველი
260 ## - PUBLICATION, DISTRIBUTION, ETC.
Place of publication, distribution, etc. თბილისი.
260 ## - PUBLICATION, DISTRIBUTION, ETC.
Name of publisher, distributor, etc. საქართველოს მაცნე.
260 ## - PUBLICATION, DISTRIBUTION, ETC.
Date of publication, distribution, etc. 2001.
300 ## - PHYSICAL DESCRIPTION
Extent 276გვ;20სმ.
653 ## - INDEX TERM--UNCONTROLLED
Uncontrolled term მოკლედ მოთხრობილი უცხოელთათვის.
653 ## - INDEX TERM--UNCONTROLLED
Uncontrolled term ქართული ლიტერატურის ისტორია
942 ## - ADDED ENTRY ELEMENTS (KOHA)
Koha item type წიგნი
ეგზემპლარები
Withdrawn status Lost status Damaged status Not for loan Date acquired Barcode Date last seen Price effective from Koha item type
        2018-12-17 34720 2018-12-17 2018-12-17 წიგნი
        2018-12-17 34721 2018-12-17 2018-12-17 წიგნი
        2018-12-17 34722 2018-12-17 2018-12-17 წიგნი
        2018-12-17 34723 2018-12-17 2018-12-17 წიგნი
        2018-12-17 34724 2018-12-17 2018-12-17 წიგნი
        2018-12-17 34725 2018-12-17 2018-12-17 წიგნი
        2018-12-17 34726 2018-12-17 2018-12-17 წიგნი
        2018-12-17 34727 2018-12-17 2018-12-17 წიგნი
        2018-12-17 34728 2018-12-17 2018-12-17 წიგნი
        2018-12-17 34729 2018-12-17 2018-12-17 წიგნი